Crepúsculo perplejo: (Registro nro. 13518)

Detalles MARC
000 -LIDER
fixed length control field 01037nam a2200277 a 4500
003 - IDENTIFICACDOR DE NÚMERO DE CONTROL
control field DO-SdBNP
005 - DATE AND TIME OF LATEST TRANSACTION
control field 20220901095544.0
008 - ELEMENTOS DE LONGITUD FIJA
fixed length control field 130911s2017 dr r 000 0 spa d
020 ## - ISBN
International Standard Book Number 9789945503067
040 ## - FUENTE DE CATALOGACIÓN
Agencia que crea de manera original el registro BPMSU
Idioma de catalogación spa
Agencia que realiza la transcripción BPMSU
082 ## - NÚMERO DE CLASIFICACIÓN DECIMAL DE DEWEY
Classification number RD861.44
Item number E77c 2017
Edition number 22
100 ## - ASIENTO PRINCIPAL -- NOMBRE PERSONAL
Nombre personal Espinal, Zacarías
Fechas asociadas con el nombre 1901-1933
245 10 - MENCIÓN DE TITULO
Título Crepúsculo perplejo:
Subtítulo [obra poética] /
Mención de responsabilidad Zacarías Espinal ; introducción Ligia de Hoetink.
260 ## - PUBLICACIÓN, DISTRIBUCIÓN, ETC. (PIE DE IMPRENTA)
Lugar de publicación, distribución, etc Santo Domingo :
Nombre del editor, distribuidor, etc. Ministerio de Cultura ;
-- Editora Nacional,
Fecha de publicación, distribución, etc 2017.
300 ## - DESCRIPCIÓN FÍSICA
Extensión 116 p. ;
Dimensiones 20 cm.
490 1# - MENCIÓN DE SERIES
Mención de serie Biblioteca Dominicana Básica
Volume/sequential designation 4
500 ## - NOTA GENERAL
Nota general Incluye datos biográficos del autor en la solapa de la cubierta.
500 ## - NOTA GENERAL
Nota general Incluye referencias bibliográficas y notas al pie de las páginas
590 ## - NOTA LOCAL
Texto de la nota local Inventariado, 2021/VM
650 #4 - ENCABEZAMIENTO DE MATERIA--TEMÁTICO
Término temático o nombre geográfico como elemento de entrada Poesía dominicana
Subdivisión de forma Coleccioens
650 #4 - ENCABEZAMIENTO DE MATERIA--TEMÁTICO
Término temático o nombre geográfico como elemento de entrada Litertarura dominicana
700 1# - ASIENTO SECUNDARIO -- NOMBRE PERSONAL
Nombre personal Espinal Hoetink, Ligia de,
Mención de responsabilidad intr.
710 2# - ASIENTO SECUNDARIO -- NOMBRE CORPORATIVO
Nombre corporativo o de jurisdicción Ministerio de Cultura (República Dominicana)
910 ## - VALIDACIÓN
Validación VMateo
942 ## - ADDED ENTRY ELEMENTS (KOHA)
Source of classification or shelving scheme Dewey Decimal Classification
Koha item type Libros
Existencias
Withdrawn status Lost status Source of classification or shelving scheme Damaged status Not for loan Collection code Home library Current library Date acquired Source of acquisition Full call number Barcode Date last seen Price effective from Koha item type Copy number
    Dewey Decimal Classification     Colección Dominicana Biblioteca Pública Metropolitana Salomé Ureña Biblioteca Pública Metropolitana Salomé Ureña 05/20/2021 Editora Nacional BPMSU CD RD861.44 E77c 2017 BPMSU21050133 05/20/2021 05/20/2021 Libros  
    Dewey Decimal Classification     Colección Dominicana Biblioteca Pública Metropolitana Salomé Ureña Biblioteca Pública Metropolitana Salomé Ureña 05/20/2021 Editora Nacional BPMSU CD RD861.44 E77c 2017 BPMSU21050134 05/20/2021 05/20/2021 Libros e.2
    Dewey Decimal Classification     Colección Dominicana Biblioteca Pública Metropolitana Salomé Ureña Biblioteca Pública Metropolitana Salomé Ureña 05/20/2021 Editora Nacional BPMSU CD RD861.44 E77c 2017 BPMSU21050135 05/20/2021 05/20/2021 Libros e.3